Finish The Sentence! Quiz Stats

 Plays Quiz not verified by Sporcle

Also try: Anything But Thing
Challenge
Share
Tweet
Embed
Score 0/13 Timer 00:30
0 Plays Today
% Correct
interested in history
57.7%
both hot A N D cool
51.9%
too good to be true
50%
London bound in June of 2017
50%
a genius
46.2%
loving
42.3%
a fan of Formula One
40.4%
loved by Eman :)
38.5%
an all-around guy
38.5%
hella sexy
36.5%
rhetty to go to a dope ass university
32.7%
taller than 6'0'
28.8%
veiny
26.9%

You're not logged in!

Compare scores with friends on all Sporcle quizzes.
OR
Log In

You Might Also Like...

Show Comments

Extras

Top Quizzes Today


Score Distribution

Your Account Isn't Verified!

In order to create a playlist on Sporcle, you need to verify the email address you used during registration. Go to your Sporcle Settings to finish the process.

Report this User

Report this user for behavior that violates our Community Guidelines.

Details: